000 01058nam a22003137a 4500
001 BR9901096
003 BR-BrBNA
005 20230928100113.0
007 ta
008 230509b bl.||||| |||| 00| 0 por d
040 _aBR-BrBNA
_bpor
_cBiblioteca Nacional de Agricultura
041 _a(Spa)
072 _aC20
090 _ C20 BR9901096
100 1 _aMussoi, E.M.
110 1 _aUniversidad de Cordoba (Espana)
_0Tese (Doutorado em Agronomia)
_910430
245 1 _aIntegracion entre investigacion y extension agraria en un contexto de descentralizacion del Estado y sustentabilizacion de politicas de desarrollo: el caso de Santa Catarina, Brasil
260 3 _aCordoba (Espana):
_c1998.
300 _a420 p.
500 _aBibliography p. 397-420; 12 tables
650 _aExtensao Rural
650 _aPolitica Agricola
650 _aTransferencia de Tecnologia
650 _aAgricultura Sustentavel
650 _aDesenvolvimento Economico
650 _aDesenvolvimento Sustentavel
909 _a202309
_bLucia
_c55
_dLucia Elande
942 _cBK
999 _c60352
_d60352